<?xml version="1.0" encoding="UTF-8"?><?xml-stylesheet type="text/xsl" href="static/style.xsl"?><OAI-PMH xmlns="http://www.openarchives.org/OAI/2.0/" xmlns:xsi="http://www.w3.org/2001/XMLSchema-instance" xsi:schemaLocation="http://www.openarchives.org/OAI/2.0/ http://www.openarchives.org/OAI/2.0/OAI-PMH.xsd"><responseDate>2026-04-29T12:47:42Z</responseDate><request verb="GetRecord" identifier="oai:riubu.ubu.es:10259/6410" metadataPrefix="marc">https://riubu.ubu.es/oai/request</request><GetRecord><record><header><identifier>oai:riubu.ubu.es:10259/6410</identifier><datestamp>2022-03-23T10:39:30Z</datestamp><setSpec>com_10259_6158</setSpec><setSpec>com_10259_5086</setSpec><setSpec>com_10259_2604</setSpec><setSpec>col_10259_6159</setSpec></header><metadata><record xmlns="http://www.loc.gov/MARC21/slim" xmlns:doc="http://www.lyncode.com/xoai" xmlns:xsi="http://www.w3.org/2001/XMLSchema-instance" xmlns:dcterms="http://purl.org/dc/terms/" xsi:schemaLocation="http://www.loc.gov/MARC21/slim http://www.loc.gov/standards/marcxml/schema/MARC21slim.xsd">
<leader>00925njm 22002777a 4500</leader>
<datafield tag="042" ind1=" " ind2=" ">
<subfield code="a">dc</subfield>
</datafield>
<datafield tag="720" ind1=" " ind2=" ">
<subfield code="a">Barros del Río, María Amor</subfield>
<subfield code="e">author</subfield>
</datafield>
<datafield tag="260" ind1=" " ind2=" ">
<subfield code="c">2021-01</subfield>
</datafield>
<datafield tag="520" ind1=" " ind2=" ">
<subfield code="a">Book review of Eufrausino, Caroline. Anne Enright. Feminine Aesthetics: Writing, Mothering, Spiraling. Peter Lang, 2021.</subfield>
</datafield>
<datafield tag="024" ind2=" " ind1="8">
<subfield code="a">2595-8127</subfield>
</datafield>
<datafield tag="024" ind2=" " ind1="8">
<subfield code="a">http://hdl.handle.net/10259/6410</subfield>
</datafield>
<datafield tag="024" ind2=" " ind1="8">
<subfield code="a">10.37389/abei.v23i1.192607</subfield>
</datafield>
<datafield tag="245" ind1="0" ind2="0">
<subfield code="a">Caroline Moreira Eufrausino’s Anne Enright. Feminine Aesthetics: Writing, Mothering, Spiraling</subfield>
</datafield>
</record></metadata></record></GetRecord></OAI-PMH>